| 000 -LEADER |
| fixed length control field |
00738nam a22002297a 4500 |
| 001 - CONTROL NUMBER |
| control field |
8930 |
| 003 - CONTROL NUMBER IDENTIFIER |
| control field |
BD-DhUAP |
| 005 - DATE AND TIME OF LATEST TRANSACTION |
| control field |
20200315115129.0 |
| 008 - FIXED-LENGTH DATA ELEMENTS--GENERAL INFORMATION |
| fixed length control field |
200315r20052004bg ||||| |||| 00| 0 eng d |
| 020 ## - INTERNATIONAL STANDARD BOOK NUMBER |
| International Standard Book Number |
9848524061 |
| 040 ## - CATALOGING SOURCE |
| Original cataloging agency |
BD-DhUAP |
| Language of cataloging |
Eng |
| Transcribing agency |
BD-DhUAP |
| Modifying agency |
BD-DhUAP |
| 082 ## - DEWEY DECIMAL CLASSIFICATION NUMBER |
| Edition number |
23 |
| Classification number |
428.3 KHA |
| 100 ## - MAIN ENTRY--PERSONAL NAME |
| Personal name |
Khan, Md. Muklesuzzaman. |
| 245 ## - TITLE STATEMENT |
| Title |
Modern English for fluency / |
| Statement of responsibility, etc. |
Md. Muklesuzzaman Khan and Gul Mohammed Mahfuzullah. |
| 250 ## - EDITION STATEMENT |
| Edition statement |
1st ed. |
| 260 ## - PUBLICATION, DISTRIBUTION, ETC. |
| Place of publication, distribution, etc. |
Dhaka : |
| Name of publisher, distributor, etc. |
Professor's prokashon, |
| Date of publication, distribution, etc. |
c2004 [Reprinted 2005]. |
| 300 ## - PHYSICAL DESCRIPTION |
| Extent |
221 pages ; |
| Dimensions |
23 cm. |
| 490 ## - SERIES STATEMENT |
| Series statement |
English learning and practice series : |
| Volume/sequential designation |
07. |
| 650 ## - SUBJECT ADDED ENTRY--TOPICAL TERM |
| Topical term or geographic name entry element |
English language |
| Form subdivision |
learning and teaching. |
| 700 ## - ADDED ENTRY--PERSONAL NAME |
| Personal name |
Mahfuzullah, Gul Mohammed. |
| 942 ## - ADDED ENTRY ELEMENTS (KOHA) |
| Source of classification or shelving scheme |
|
| Koha item type |
Book |